Mother without a mask : (Record no. 232585)

000 -LEADER
fixed length control field 00612nam a22002055a 4500
001 - CONTROL NUMBER
control field 243389
003 - CONTROL NUMBER IDENTIFIER
control field Nust
005 - DATE AND TIME OF LATEST TRANSACTION
control field 20170221104352.0
008 - FIXED-LENGTH DATA ELEMENTS--GENERAL INFORMATION
fixed length control field 990616s1997 enk 000 0 eng
010 ## - LIBRARY OF CONGRESS CONTROL NUMBER
LC control number 99216808
020 ## - INTERNATIONAL STANDARD BOOK NUMBER
International Standard Book Number 9781856265492 (pbk)
040 ## - CATALOGING SOURCE
Original cataloging agency DLC
Transcribing agency DLC
050 00 - LIBRARY OF CONGRESS CALL NUMBER
Classification number IN PROCESS
082 ## - DEWEY DECIMAL CLASSIFICATION NUMBER
Classification number 305.89275357
Author Mark HOL
100 1# - MAIN ENTRY--PERSONAL NAME
Personal name Holton, Patricia.
245 10 - TITLE STATEMENT
Title Mother without a mask :
Remainder of title a westerner's story of her Arab family /
Statement of responsibility, etc. Patricia Holton.
260 ## - PUBLICATION, DISTRIBUTION, ETC.
Place of publication, distribution, etc. London, England :
Name of publisher, distributor, etc. Kyle Cathie Limited ,
Date of publication, distribution, etc. 1997.
300 ## - PHYSICAL DESCRIPTION
Extent 278 p.
906 ## - LOCAL DATA ELEMENT F, LDF (RLIN)
a 0
b ibc
c orignew
d 3
e ncip
f 19
g y-gencatlg
942 ## - ADDED ENTRY ELEMENTS (KOHA)
Source of classification or shelving scheme
Koha item type Book
Holdings
Withdrawn status Lost status Source of classification or shelving scheme Damaged status Not for loan Collection code Permanent Location Current Location Shelving location Date acquired Total Checkouts Total Renewals Full call number Barcode Date last seen Date last checked out Copy number Price effective from Koha item type
            Central Library (CL) Central Library (CL) Book Cart 02/21/2017 3 1 305.89275357 HOL CL253 10/24/2024 10/11/2024 1 02/21/2017 Book
© 2023 Central Library, National University of Sciences and Technology. All Rights Reserved.